| 000 | 00600nam a22001937a 4500 | ||
|---|---|---|---|
| 003 | OSt | ||
| 005 | 20260313013037.0 | ||
| 008 | 260313b |||||||| |||| 00| 0 eng d | ||
| 020 | _a971-506-085-4. | ||
| 040 |
_aDWCL Main lib _cOC |
||
| 082 | _aFil. 808.8 G165 1990 | ||
| 100 | _aGarcia, Carolina U. | ||
| 245 |
_aHighlights of world literature (Part 1-Classical literature) _cCarolina U. Garcia |
||
| 260 |
_aManila : _bUST Publishing House, _cc1990. |
||
| 300 |
_av, 311 p. ; _c23 cm. |
||
| 650 | _a1. Literature-Collections. | ||
| 700 | _aOphelia A. Dimalanta | ||
| 942 |
_2ddc _cBK - FIL _kFil. _n0 |
||
| 999 |
_c9090 _d9090 |
||